000 03333cam a22005894i 4500
001 u24858
003 PE-LiUPU
005 20250731173104.0
008 150623s2001 ag rb 000 0 spa d
020 _a950573817X
_q(tapa rústica)
020 _a9789505738175
_q(tapa rústica)
035 _a(Sirsi) i9789505738175
040 _aPE-LiUPU
_bspa
_cPE-LiUPU
_erda
049 _aPRUA
082 0 4 _a230.1
_bG66
_221
100 1 _aGoldstein, Clifford,
_eautor.
245 1 0 _aComo fuego en mis huesos :
_buno de los autores adventistas más provocativos comparte su permanente pasión por acercar a otros un conocimiento más profundo de Dios /
_cClifford Goldstein.
264 1 _aBuenos Aires :
_bAsociación Casa Editora Sudamericana,
_c2001.
300 _a527 páginas ;
_c23 centímetros
336 _atext
_2rdacontent
337 _aunmediated
_2rdamedia
338 _avolume
_2rdacarrier
504 _aIncluye bibliografía.
505 0 _aLa sangre y el juicio: Justificado y santificado -- Que tu nombre esté sellado -- ¿Quién hará expiación por nosotros? -- Investigando el juicio investigador -- La conexión constantiniana: El anticristo -- ¿Está Iráq en la profecía? -- El tercer templo de Jerusalem -- Por qué encuentro intolerable la tolerancia religiosa:La cruz y la constitución -- Jesús y la primera enmienda -- La imagen de lo mesiánico: Un santuario en el tiempo -- El origen del domingo -- Fe que hiere: Marduk y Jehova -- Israel contra su ambiente -- Carne muerta: ¿Mente sobre materia? !no importa! -- La improbable odisea de Cliford Goldstein -- Nuestras raíces en el génesis -- El puesto de frutas. Entre la primera y la última lágrima..
526 _aSEG42
526 _aSEG41
526 _aSEG40
526 _aSEG39
526 _aP94
526 _aP87
526 _aP86
526 _aP85
526 _aP77
526 _aP76
526 _aP35
541 _g101-000709;
596 _a1 2 4
650 0 4 _aAPOLOGÉTICA.
_92321
650 0 4 _aIASD
_xDoctrinas.
942 _2ddc
_cBOOK
994 _aC0
_bPEPRU
949 _a230.1 G66 2001
_wDEWEY
_c2
_i53827
_d2017-11-12
_e2017-8-28
_f2018-2-7
_g2
_lCCODEBUL1
_mBUL
_n4
_p13.00
_q1
_r0
_sY
_tBOOK
_u2015-6-24
_xTEOLOGIA
_PP35
_0COMPRA
_o.STAFF. Colección Teología
999 _a239 G66
_wDEWEY
_c28396
_i49254
_d28396
_f2021-11-10
_g5
_lCCODEBUL1
_mBUL
_q1
_r0
_sY
_tBOOK
_u2015-6-24
_xTEOLOGIA
_zUNKNOWN
_0COMPRA
_o.STAFF. Colección General
999 _a239 G66
_wDEWEY
_c2
_i53827
_d2022-7-4
_e2017-8-28
_f2021-11-10
_g5
_lCCODEBUL1
_mBUL
_n4
_p13.00
_q3
_r0
_sY
_tBOOK
_u2015-6-24
_xTEOLOGIA
_PP35
_0COMPRA
_o.STAFF. Colección Teología
999 _a230.1 G66 2001
_wDEWEY
_c1
_iCW51560
_f2021-12-22
_g2
_lCCODECWL1
_mBWL
_p20.00
_r1
_sY
_tBOOK
_u2016-8-22
_xWHITE
_zUNKNOWN
_0COMPRA
_o.STAFF. Centro White
999 _a230.1 G66 2001
_wDEWEY
_c2
_iCW51561
_f2021-12-22
_g2
_lCCODECWL1
_mBWL
_p20.00
_r1
_sY
_tBOOK
_u2016-8-22
_xWHITE
_zUNKNOWN
_0COMPRA
_o.STAFF. Centro White
999 _a239 G66 2001
_wDEWEY
_c1
_iFT03364
_f2019-2-20
_g1
_lCCODEBUT1
_mBUT
_p18.02
_r0
_sY
_tBOOK
_u2017-10-16
_xBIBLIOTECA
_zUNKNOWN
_0COMPRA
_o.STAFF. Coleccion General
980 _81
_gALBERTO SANCHEZ Responsable de Automatización